000 00938nam a22002537a 4500
005 20180205113857.0
010 _a1718EN-30 ENG-121837
020 _a9789332542211
_c829.00
035 _aEN-105369
035 _aB-683987-4000
037 _bBSB
_adpl
037 _bDBAD/PUB
082 _a658.1511
100 _aHorngren, Charles T.
245 _aCost accounting /
_cby Charles T. Horngren, Srikant M. Datar[and] Madhav V. Rajan
250 _a15th ed
260 _c2017
_aNoida
_bPearson India
270 _a15th Floor,, Tower-B, World Trade, Plot No.1, Block-C, Sector-16,
_bNoida
_e201301
300 _c23cm(pbk)
_a1278p. :
_bill.
700 _aDatar, Srikant M.
700 _aRajan, Madhav V.
942 _cEN
_2ddc
_mHOR
_h658.1511
999 _c145506
_d145506